Discurso leído por el Excmo. Sr. D. Segismundo Moret el día 16 de febrero de 1901 en el Ateneo Científico, Literario y Artístico de Madrid, con motivo de la apertura de sus cátedras. (Record no. 168892)
[ view plain ]
| 000 -LEADER | |
|---|---|
| campo de control de longitud fija | 01144nam a2200265 i 4500 |
| 001 - NÚMERO DE CONTROL | |
| campo de control | 168892 |
| 003 - IDENTIFICADOR DE NÚMERO DE CONTROL | |
| campo de control | ES-MaACL |
| 005 - FECHA Y HORA DE LA ÚLTIMA TRANSACCIÓN | |
| campo de control | 20240515063128.0 |
| 008 - DATOS DE LONGITUD FIJA--INFORMACIÓN GENERAL | |
| campo de control de longitud fija | 080619s1901 sp |||| | spa d |
| 040 ## - FUENTE DE CATALOGACIÓN | |
| Centro/agencia transcriptor | ES-MaACL |
| 080 ## - NÚMERO DE LA CLASIFICACIÓN DECIMAL UNIVERSAL | |
| Número de la Clasificación Decimal Universal | 342.8 |
| 100 1# - ENTRADA PRINCIPAL--NOMBRE DE PERSONA | |
| Nombre de persona | Moret, Segismundo, |
| Fechas asociadas al nombre | 1833-1913 |
| 9 (RLIN) | 162747 |
| Término indicativo de función/relación | Autor |
| 245 10 - MENCIÓN DEL TÍTULO | |
| Título | Discurso leído por el Excmo. Sr. D. Segismundo Moret el día 16 de febrero de 1901 en el Ateneo Científico, Literario y Artístico de Madrid, con motivo de la apertura de sus cátedras. |
| 260 ## - PUBLICACIÓN, DISTRIBUCIÓN, ETC. | |
| Lugar de publicación, distribución, etc. | Madrid : |
| Nombre del editor, distribuidor, etc. | [s.n.], |
| Fecha de publicación, distribución, etc. | 1901 |
| Fabricante | (Est. Tip. Sucesores de Rivadeneyra) |
| 300 ## - DESCRIPCIÓN FÍSICA | |
| Extensión | 40 páginas ; |
| Dimensiones | 22 cm. |
| 530 ## - NOTA DISPONIBLE DE FORMULARIO FÍSICO ADICIONAL | |
| Nota de formato físico adicional disponible | Disponible en formato digital |
| 594 ## - NOTA AL TITULO Y MENCION DE RESPONSABILIDAD | |
| Nota al título y mención de responsabilidad | Tema: La proporcionalidad electoral según la ley belga de 29 de diciembre de 1893. |
| 610 24 - PUNTO DE ACCESO ADICIONAL DE MATERIA--NOMBRE DE ENTIDAD CORPORATIVA | |
| Nombre de entidad corporativa o nombre de jurisdicción como elemento de entrada | Ateneo de Madrid- |
| Subdivisión de forma | Discursos de apertura- |
| Subdivisión cronológica | S.XX. |
| 9 (RLIN) | 1913 |
| 650 #7 - PUNTO DE ACCESO ADICIONAL DE MATERIA--TÉRMINO DE MATERIA | |
| Término de materia o nombre geográfico como elemento de entrada | Sistema electoral |
| 9 (RLIN) | 155006 |
| 852 ## - LOCALIZACIÓN | |
| Ubicación | ES-MaACL |
| Ubicación en estantería | Sala Pardo Bazán |
| Número de control de estantería | B-1628(5) |
| 856 ## - LOCALIZACIÓN Y ACCESO ELECTRÓNICOS | |
| Identificador Uniforme de Recursos | <a href="http://bdh-rd.bne.es/viewer.vm?id=0000247113&page=1">http://bdh-rd.bne.es/viewer.vm?id=0000247113&page=1</a> |
| Texto de enlace | Versión en línea |
| Nota pública | (Biblioteca Digital Hispánica) |
| 942 ## - ELEMENTOS DE ENTRADA SECUNDARIOS (KOHA) | |
| Tipo de ítem Koha | Libro impreso |
| Suprimir en OPAC | No |
| Estatus retirado | Estado de pérdida | Fuente del sistema de clasificación o colocación | Estado de daño | No para préstamo | Colección | Biblioteca de origen | Biblioteca actual | Ubicación en estantería | Fecha de adquisición | Número de control de estantería | Total de préstamos | Signatura topográfica completa | Código de barras | Visto por última vez | Tipo de ítem Koha |
|---|---|---|---|---|---|---|---|---|---|---|---|---|---|---|---|
| Clasificación decimal universal | Fondo Ateneo de Madrid | Biblioteca del Ateneo de Madrid | Biblioteca del Ateneo de Madrid | Sala Pardo Bazán | 19/06/2008 | Ateneísta | B-1628(5) | 1177249 | 23/02/2023 | Libro impreso antiguo |
